000 00815cam a2200289 4500500
005 20260329004752.0
041 _afre
042 _adc
100 1 0 _aEltchaninoff, Michel
_eauthor
245 0 0 _aLa guerre des identités aura-t-elle lieu ?
260 _c2021.
500 _a46
690 _aAmérique
690 _aDécolonialisme
690 _aÉcoféminisme
690 _aÉtats-Unis
690 _aGender studies
690 _aGenre
690 _aIdentité
690 _aIntersectionnalité
690 _aJeanne Burgart Goutal
690 _aLutte
690 _aTyrannie
690 _aUSA
786 0 _nPhilosophie magazine | 147 | 3 | 2021-03-01 | p. 46-47 | 1951-1787
856 4 1 _uhttps://shs.cairn.info/magazine-philosophie-magazine-2021-3-page-46?lang=fr&redirect-ssocas=7080
999 _c1837107
_d1837107